ARRUPE JESUIT UNIVERSITY

CORONAVIRUS -STOP THE SPREAD - CLEAN,DISINFECT,COVER

Shoah : (Record no. 124156)

MARC details
000 -LEADER
fixed length control field 01185cam a2200337 a 4500
001 - CONTROL NUMBER
control field 14413592
003 - CONTROL NUMBER IDENTIFIER
control field ARRUPE
005 - DATE AND TIME OF LATEST TRANSACTION
control field 20160210121141.0
008 - FIXED-LENGTH DATA ELEMENTS--GENERAL INFORMATION
fixed length control field 060614s2007 enkaf bq 001 0 eng
010 ## - LIBRARY OF CONGRESS CONTROL NUMBER
LC control number 2006019704
020 ## - INTERNATIONAL STANDARD BOOK NUMBER
International Standard Book Number 0195188632 (cloth : alk. paper)
020 ## - INTERNATIONAL STANDARD BOOK NUMBER
International Standard Book Number 9780195188639 (cloth : alk. paper)
020 ## - INTERNATIONAL STANDARD BOOK NUMBER
International Standard Book Number 0195188640 (pbk. : alk. paper)
020 ## - INTERNATIONAL STANDARD BOOK NUMBER
International Standard Book Number 9780195188646 (pbk. : alk. paper)
022 ## - INTERNATIONAL STANDARD SERIAL NUMBER
International Standard Serial Number 9782253039235
035 ## - SYSTEM CONTROL NUMBER
System control number (OCoLC)ocm70149255
035 ## - SYSTEM CONTROL NUMBER
System control number (OCoLC)70149255
040 ## - CATALOGING SOURCE
Original cataloging agency DLC
Transcribing agency DLC
Modifying agency BAKER
-- BTCTA
-- C#P
-- YDXCP
-- LHM
-- DLC
050 00 - LIBRARY OF CONGRESS CALL NUMBER
Classification number D810.J4L2755 1985
082 00 - DEWEY DECIMAL CLASSIFICATION NUMBER
Classification number 940.53/18
Edition number 22
300 ## - PHYSICAL DESCRIPTION
Dimensions 17cm.
100 ## - MAIN ENTRY--PERSONAL NAME
Personal name Lanzmann, Claude
9 (RLIN) 22232
245 00 - TITLE STATEMENT
Title Shoah :
Remainder of title preface de simone de beauvoir
Statement of responsibility, etc by Lanzmann, Claude
260 ## - PUBLICATION, DISTRIBUTION, ETC. (IMPRINT)
Place of publication, distribution, etc Paris
Name of publisher, distributor, etc Fayard
Date of publication, distribution, etc 1985
300 ## - PHYSICAL DESCRIPTION
Extent 248 p.;
610 ## - SUBJECT ADDED ENTRY--CORPORATE NAME
Corporate name or jurisdiction name as entry element Jews
Source of heading or term Persecutions
Geographic subdivision Poland
9 (RLIN) 22233
650 #0 - SUBJECT ADDED ENTRY--TOPICAL TERM
Topical term or geographic name as entry element Holocaust, Jewish (1939-1945)
Source of heading or term personal narratives
9 (RLIN) 11269
651 ## - SUBJECT ADDED ENTRY--GEOGRAPHIC NAME
Geographic name Poland
Source of heading or term Ethnic relations
9 (RLIN) 22234
906 ## - LOCAL DATA ELEMENT F, LDF (RLIN)
a 7
b cbc
c orignew
d 1
e ecip
f 20
g y-gencatlg
942 ## - ADDED ENTRY ELEMENTS (KOHA)
Source of classification or shelving scheme Library of Congress Classification
Koha item type Monograph ( Printed materials)
Holdings
Withdrawn status Lost status Source of classification or shelving scheme Damaged status Not for loan Collection code Home library Current library Shelving location Date acquired Total Checkouts Full call number Barcode Date last seen Price effective from Koha item type
    Library of Congress Classification     Main Collection ARRUPE LIBRARY ARRUPE LIBRARY Main Collection 10/02/2016   D810.J4L2755 1985 46500006801 10/02/2016 10/02/2016 Monograph ( Printed materials)

 

Arrupe Library. PO Box MP320 Mt Pleasant, Harare, Zimbabwe
263 242 745411|librarian@aju.ac.zw